NFL Top 100 All-Time: Field Goals Made - Statistics

General Stats
  • This quiz has been taken 274 times
    41 since last reset
  • The average score is 26 of 100
Answer Stats
# Player FGs % Correct
1 Adam Vinatieri 599
90%
14 Justin Tucker 417
90%
2 Morten Andersen 565
83%
17 Stephen Gostkowski 392
79%
3 Gary Anderson 538
72%
55 Wil Lutz 252
66%
56 Harrison Butker 251
62%
T10 Sebastian Janikowski 436
62%
15 Mason Crosby 400
59%
13 Matt Prater 425
59%
8 Robbie Gould 447
59%
41 Brandon McManus 297
55%
29 George Blanda 335
55%
21 Norm Johnson 366
55%
26 Graham Gano 342
52%
27 Greg Zuerlein 338
52%
20 Jan Stenerud 373
52%
12 Nick Folk 431
52%
T87 Younghoe Koo 185
52%
40 Chris Boswell 299
48%
18 David Akers 386
41%
32 Josh Brown 319
41%
T52 Kris Brown 256
41%
T71 Jake Elliott 216
38%
T37 Jason Myers 300
38%
54 Ka'imi Fairbairn 255
38%
T37 Mark Moseley 300
38%
16 Matt Bryant 397
38%
67 Daniel Carlson 225
34%
23 Olindo Mare 356
34%
31 Ryan Succop 320
34%
T59 Chris Bahr 241
31%
T84 Jason Sanders 187
31%
T37 Matt Bahr 300
31%
T93 Matt Gay 180
31%
57 Dan Bailey 249
28%
4 Jason Hanson 495
28%
30 Jay Feely 332
28%
7 John Kasay 461
28%
22 Ryan Longwell 361
28%
44 Shayne Graham 277
28%
46 Cairo Santos 266
24%
T10 Jason Elam 436
24%
6 Matt Stover 471
24%
19 Nick Lowery 383
24%
9 Phil Dawson 441
24%
80 Chris Jacke 202
21%
T42 Fred Cox 282
21%
33 Jeff Wilkins 307
21%
5 John Carney 478
21%
82 Lawrence Tynes 190
21%
92 Nate Kaeding 181
21%
T49 Stephen Hauschka 264
21%
25 Al Del Greco 347
17%
T59 Dustin Hopkins 241
17%
24 Eddie Murray 352
17%
68 Greg Davis 224
17%
T42 Jim Bakken 282
17%
99 Joey Slye 175
17%
T59 Josh Scobee 241
17%
T47 Kevin Butler 265
17%
T49 Lou Groza 264
17%
65 Mike Vanderjagt 230
17%
34 Rian Lindell 306
17%
62 Rob Bironas 239
17%
28 Steve Christie 336
17%
T90 Billy Cundiff 182
14%
76 Garo Yepremian 210
14%
T49 Neil Rackers 264
14%
78 Chip Lohmiller 204
10%
T35 Jim Turner 304
10%
T47 Mike Nugent 265
10%
T90 Nick Novak 182
10%
100 Pete Gogolak 173
10%
T74 Randy Bullock 211
10%
T96 Errol Mann 177
7%
79 John Hall 203
7%
T35 Pat Leahy 304
7%
45 Pete Stoyanovich 272
7%
69 Ray Wersching 222
7%
T74 Shaun Suisham 211
7%
86 Tony Zendejas 186
7%
63 Dan Carpenter 236
3%
T87 Dean Biasucci 185
3%
T71 Don Cockroft 216
3%
83 Fuad Reveiz 188
3%
T52 Joe Nedney 256
3%
T84 Lou Michaels 187
3%
81 Mike Hollis 200
3%
T93 Rafael Septien 180
3%
89 Roy Gerela 184
3%
95 Sam Baker 179
3%
64 Todd Peterson 235
3%
T96 Tony Franklin 177
3%
70 Bruce Gossett 219
0%
77 Doug Brien 207
0%
98 Gino Cappelletti 176
0%
66 Jeff Jaeger 229
0%
73 Jeff Reed 213
0%
58 Jim Breech 243
0%
No matching quizzes found
Score Distribution
Percent of People with Each Score
Percentile by Number Answered
Your Score History
You have not taken this quiz since the last reset